| 000 | 00561nam a2200169Ia 4500 | ||
|---|---|---|---|
| 008 | 090201s9999 xx 000 0 und d | ||
| 010 | _aKPL-70243 | ||
| 040 | _bमराठी | ||
| 041 | _aमराठी | ||
| 082 |
_a49819 _b70243 |
||
| 100 | _aशैलजा राजे | ||
| 245 |
_aजाहल्या काही चुका _cशैलजा राजे |
||
| 260 |
_c2006 _bपारस पब्लिकेशन्स् |
||
| 300 |
_a232 _bलहान |
||
| 600 | _aजाहल्या काही चुका | ||
| 942 | _cBOOK | ||
| 999 |
_c246374 _d246374 |
||